000 00483nam a2200157 a 4500
001 000032416
005 20200930065629.0
008 110718s1965 xxua 000 0 eng d
040 _aDO-SdBNP
_bspa
_cBNPHU
082 _axxx
_bM254c
100 1 _aMallin, Jay
_958375
245 1 0 _aCaribbean crisis /
_cJay Mallin.
246 1 4 _aCaribbean crisis, subversion fails in the Dominican Republic.
260 _aGarden City, New York :
_bDoubleday,
_c1965.
300 _a101 p. :
_bil. ;
_c19 cm.
999 _c31907
_d31907